000
00316nam a2200145 4500
999
_c
8834
_d
8834
003
OSt
005
20210223165335.0
008
210223b ||||| |||| 00| 0 eng d
020
_a
9781593995843
082
_a
301
245
_a
Introduction to sociology
250
_a
2nd
260
_b
Rice university
942
_2
ddc